[Event "4NCL/Div3/WES2 vs. SLOS3"]
[Site "Birmingham ENG"]
[Date "2006.04.29"]
[Round "9.8"]
[White "Heinrich, Stefanie"]
[Black "Norman, Dinah"]
[Result "1-0"]
[WhiteElo "2083"]
[BlackElo "2008"]
[PlyCount "137"]
[EventDate "2006.04.29"]
[EventType "team"]
[EventRounds "11"]
[EventCountry "ENG"]
[SourceDate "2006.04.29"]
[WhiteTeam "Slough Sharks 3"]
[BlackTeam "Wessex 2"]

1. Nf3 d5 2. d3 c6 3. g3 Nf6 4. Bg2 Bg4 5. O-O Nbd7 6. Nbd2 e6 7. e4 Be7 8. h3
Bxf3 9. Bxf3 O-O 10. Qe2 dxe4 11. dxe4 e5 12. b3 Qc7 13. Bb2 Rfe8 14. a4 Bf8
15. Nc4 Rad8 16. Rad1 b5 17. axb5 cxb5 18. Ne3 a6 19. Nd5 Nxd5 20. Rxd5 Nb6 21.
Rxd8 Rxd8 22. Rd1 f6 23. Rd3 Rxd3 24. Qxd3 Kf7 25. Bg4 Bc5 26. Bc1 Ke7 27. Bd2
g6 28. Ba5 h5 29. Be2 Qd7 30. Qxd7+ Nxd7 31. Bd2 Nb8 32. b4 Bd6 33. Kg2 Nc6 34.
c3 Nb8 35. f4 Nc6 36. f5 Kf7 37. Bd1 Kg7 38. fxg6 Kxg6 39. Bb3 Bc7 40. Bd5 Nd8
41. c4 bxc4 42. Bxc4 Bb6 43. Bxa6 Ne6 44. Bb5 Nc7 45. Bd7 Bd4 46. b5 Bb6 47.
Kf3 Kf7 48. Bc6 Ke7 49. g4 hxg4+ 50. Kxg4 Ne6 51. Bb4+ Nc5 52. h4 Kf7 53. Kf5
Kg7 54. h5 Kh6 55. Be8 Kg7 56. Be1 Bd8 57. Bf2 Bb6 58. Be3 Kf8 59. Bc6 Kg7 60.
h6+ Kh7 61. Be8 Kg8 62. Bg6 Kh8 63. Bxc5 Bxc5 64. Kxf6 Bd4 65. Bf5 Kg8 66. h7+
Kh8 67. Ke6 Kg7 68. Kd5 Kh8 69. Kc6 1-0